The ... IMS directory of publications.

Bibliographic Details
New Title:Gale directory of publications
Previous Title:IMS ... Ayer directory of publications
Format: Serial
Language:English
Published: Fort Washington, Pa. : IMS Press, [1986]
Subjects:
Online Availability: Check for online availability

MARC

Tag First Indicator Second Indicator Subfields
LEADER 00000cas a2200000 a 4500
001 in00000589021
005 20151014075105.0
008 860327d19861986pauar1 r 0uuua0eng d
010 |a  86640928   |z sn 86025452  
012 |a 2  |b 3  |i 8703  |j 0 
019 |a 13416456  |a 13495342  |a 13650269 
022 0 |a 0892-7715 
035 |a (OCoLC)13351786 
035 |9 ACP6992AM 
037 |b IMS Press, 426 Pennsylvania Ave., Fort Washington, PA 19034 
040 |a TUL  |c TUL  |d UDI  |d BTI  |d IUL  |d DLC  |d OCL  |d NST  |d HUL  |d NST  |d HUL  |d DLC  |d OCL  |d DLC  |d HUL  |d AGL  |d NST  |d HUL  |d NLM  |d OCL  |d HUL  |d NSD  |d IUL  |d NSD  |d DLC  |d NST  |d NYG  |d HUL  |d TXA  |d UtOrBLW 
042 |a lc  |a nsdp 
043 |a n-us---  |a n-cn--- 
049 |a TXAE 
050 0 0 |a Z6951  |b .A97 
210 0 |a IMS dir. publ. 
222 4 |a The IMS directory of publications 
245 0 7 |a The ... IMS directory of publications. 
264 1 |a Fort Washington, Pa. :  |b IMS Press,  |c [1986] 
264 4 |c ©1986 
300 |a 1 volume :  |b illustrations ;  |c 28 cm. 
310 |a Annual 
336 |a text  |b txt  |2 rdacontent 
337 |a unmediated  |b n  |2 rdamedia 
338 |a volume  |b nc  |2 rdacarrier 
362 0 |a 118th annual ed. (1986). 
650 0 |a American newspapers  |v Directories. 
650 0 |a American periodicals  |v Directories. 
650 0 |a Canadian newspapers  |v Directories. 
650 0 |a Canadian periodicals  |v Directories. 
780 0 0 |t IMS ... Ayer directory of publications  |x 0738-372X  |w (DLC) 83643636  |w (OCoLC)9363964 
785 0 0 |t Gale directory of publications  |x 0892-1636  |w (DLC) 87649780  |w (OCoLC)15097124 
890 |a IMS directory of publications. 
999 |a MARS 
999 f f |s 48f473d8-8927-37b6-8f05-35b92302003c  |i 7e38073d-4a3d-39e5-a88a-e9480c8b03cc  |t 0 
952 f f |p ric  |a Texas A&M University  |b Rellis Campus  |c Joint Library Facility  |d Remote Storage  |t 0  |e Z6951 .A97  |h Library of Congress classification  |i unmediated -- volume  |k 118th ed.  |l 1986  |m A14810743623 
998 f f |a Z6951 .A97  |s 118th ed. (1986)  |t 0  |l Remote Storage